000 00649nam a22001937a 4500
005 20150625105559.0
010 _aENG-112994
020 _a9789382420378
_c750.00
035 _aEN-96526
037 _bDBAD/PUB
082 _a881.914
100 _aGupta, Poonam Rani
245 _aIndianness of two Indian poets :
_cby Poonam Rani Gupta
_bNissim Ezekiel and A.K. Ramanujan /
260 _bKunal Books
_c2013
_aNew Delhi
270 _b New Delhi
_e110002
_a4648/21, First Floor, Ansari Road, Daryaganj,
300 _ax,216p.
_c23cm(Hb)
500 _aIncludes bibliographical references and index
942 _2ddc
_cEN
_mGUP
_h881.914
999 _c93631
_d93631